000 00456nam a22001697a 4500
003 CEME
005 20210628203648.0
008 210121b xxu||||| |||| 00| 0 eng d
020 _a81-7596-491-X
040 _cceme
082 _a813.509 CAR
100 _aCarter, Ronald, Long, Michael N
_966745
245 _aThe web of words, exploring literature through language
260 _aNEW DELHI
_bCAMBRIDGE
_c2007
300 _aIII, 188 P
942 _cBK
_2ddc
999 _c574658
_d574658